A Poetics of Modernity: (Record no. 180390)

MARC details
000 -LEADER
fixed length control field 00613nam a22001937a 4500
005 - DATE AND TIME OF LATEST TRANSACTION
control field 20210809113935.0
010 ## - LCCN (DPL NO)
LC control number ENG-129685
020 ## - INTERNATIONAL STANDARD BOOK NUMBER
Terms of availability 2195.00
International Standard Book Number 9780199487394
035 ## - SYSTEM CONTROL NUMBER
System control number EN-113217
037 ## - SOURCE OF ACQUISITION
Source of stock number/acquisition DBAD/PUB
082 ## - DEWEY DECIMAL CLASSIFICATION NUMBER
Classification number 792.0954
245 ## - TITLE STATEMENT
Title A Poetics of Modernity:
Remainder of title Indian Theatre Theory 1850 to the Present/
250 ## - EDITION STATEMENT
Edition statement 2019
260 ## - PUBLICATION, DISTRIBUTION, ETC. (IMPRINT)
Place of publication, distribution, etc New Delhi
Name of publisher, distributor, etc Oxford University Press
Date of publication, distribution, etc 2018
270 ## - ADDRESS
Address 2/11 Ground floor, Ansari Road, Darya ganj,
City New Delhi
Postal code 110002
300 ## - PHYSICAL DESCRIPTION
Extent 519 p.
Dimensions 22cm(hbk)
Other physical details Index
700 ## - ADDED ENTRY--PERSONAL NAME
Personal name Aparna Bhargava Dharwadker
942 ## - ADDED ENTRY ELEMENTS (KOHA)
Source of classification or shelving scheme Dewey Decimal Classification
Item type English Books
Classification part 792.0954
Call number prefix DHA
Holdings
Withdrawn status Lost status Not for loan Collection code Home library Current library Date acquired Source of acquisition Cost, normal purchase price Full call number Barcode Copy number Cost, replacement price Koha item type
      Non-fiction Shahdara Branch Shahdara Branch 09/08/2021 DBAD/PUB 2195.00 792.0954 EN-113217 1 2195.00 English Books

© Delhi Public Library
Hit Counter
free hit counter